Krizový management a kultura organizace

Faktory ovplyvňujúce činnosť organizácie. Základ kultúry organizácie. Definícia vonkajšieho prostredia a vzťah podnikov k tomuto prostrediu. Medziľudské vzťahy v podniku. Praktické príklady.

Na minha lista:
Detalhes bibliográficos
Autor principal: Mikušová, Marie
Formato: Capítulo de Livro
Idioma:tcheco
Assuntos:
Tags: Adicionar Tag
Sem tags, seja o primeiro a adicionar uma tag!

MARC

LEADER 00000naa a2200000 4500
001 r035499
005 20231002100040.7
041 0 |a cze 
044 |a CZ 
245 1 0 |a Krizový management a kultura organizace  |c Marie Mikušová 
520 |a Faktory ovplyvňujúce činnosť organizácie. Základ kultúry organizácie. Definícia vonkajšieho prostredia a vzťah podnikov k tomuto prostrediu. Medziľudské vzťahy v podniku. Praktické príklady. 
610 2 0 |a manažment krízový 
610 2 0 |a kultúra podniková 
610 2 0 |a vzťahy pracovné 
610 2 0 |a vzťahy medziľudské 
610 2 0 |a prostredie podnikové 
100 1 |a Mikušová, Marie